Sčítání lidu, domů a bytů 2011 : analýza výsledků : [průřezové]. Olomoucký kraj /

Korporativní autor: Český statistický úřad. Krajská správa Olomouc. Oddělení informačních služeb
Jazyk: Čeština
Angličtina
Vydáno: Olomouc : Český statistický úřad, 2013
Edice: Lidé a společnost. SLDB 2011
Témata:
Fyzický popis: 124 s. : il. (převážně barev.), mapy ; 30 cm
Language note: Část. souběžný anglický text, české a anglické resumé
Knihy
Uloženo v:
LEADER 02689nam a2200565 a 4500
001 nkc20132479522
003 CZ PrNK
005 20140807090418.0
007 ta
008 131205s2013 xr ab e s 000 0 cze
015 |a cnb002479522 
020 |a 978-80-250-2368-6  |q (brož.) :  |c Kč 250,00 
035 |a (OCoLC)886600866 
040 |a BOA001  |b cze  |d OLA001 
041 1 |a cze  |a eng  |b cze  |b eng  |h cze 
043 |a e-xr---  |b e-xr-ol  |2 czenas 
045 |a y1y1 
072 7 |a 314  |x Demografie. Populace  |2 Konspekt  |9 18 
080 |a 314.116  |2 MRF 
080 |a 351.778.57  |2 MRF 
080 |a (437.325)  |2 MRF 
080 |a (048.8:083.41)  |2 MRF 
245 0 0 |a Sčítání lidu, domů a bytů 2011 :  |b analýza výsledků : [průřezové].  |p Olomoucký kraj /  |c zpracoval[a] Krajská správa Českého statistického úřadu v Olomouci, oddělení informačních služeb = Population and housing census 2011 : analysis of the results. Olomoucký Region / prepared by Regional Office of the Czech Statistical Office in Olomouc, Information Service Unit 
246 3 |a Analýza výsledků Sčítání lidu, domů a bytů 2011 - Olomoucký kraj 
246 3 |a Sčítání lidu, domů a bytů 2011 - Olomoucký kraj 
246 3 |a Olomoucký kraj - Sčítání lidu, domů a bytů 2011 
246 3 0 |a Olomoucký kraj 
246 3 0 |a Olomoucký Region 
246 3 1 |a Population and housing census 2011 
260 |a Olomouc :  |b Český statistický úřad,  |c 2013 
300 |a 124 s. :  |b il. (převážně barev.), mapy ;  |c 30 cm 
490 1 |a Lidé a společnost. SLDB 2011 ; roč. 2013 =  |a People and society. Census 2011 ; vol. 2013 
500 |a Na obálce pod názvem: Sčítání lidu, domů a bytů 2011 k 26.3.2011 
546 |a Část. souběžný anglický text, české a anglické resumé 
648 7 |a 2011  |7 ch967313  |2 czenas 
650 0 7 |a sčítání obyvatelstva  |7 ph126386  |z Česko  |y 2011  |2 czenas 
650 0 7 |a sčítání domů a bytů  |7 ph206852  |z Česko  |y 2011  |2 czenas 
650 0 9 |a population census  |z Czechia  |y 2011  |2 eczenas 
650 0 9 |a housing census  |z Czechia  |y 2011  |2 eczenas 
651 7 |a Olomoucký kraj (Česko : 2000-)  |7 ge136508  |2 czenas 
651 9 |a Olomoucký kraj (Czechia : 2000-)  |2 eczenas 
655 7 |a statistické přehledy  |7 fd133587  |2 czenas 
655 9 |a statistical surveys  |2 eczenas 
710 2 |a Český statistický úřad.  |b Krajská správa Olomouc.  |b Oddělení informačních služeb  |7 kn20121101015 
830 0 |a Lidé a společnost.  |p SLDB 2011  |0 s 
910 2 |a BOA001  |b 4-1312.708 
990 |a BK 
995 |a 01 
991 |b 201312  |c NOV  |e n 
996 6 |b 2610572085  |c 4-1312.708  |l MZK  |r Sklad / do 1 hodiny  |n 1  |p p.v.  |w 001385650  |u 000010  |a 1  |e BOA001  |j MZK50  |s P